Statistics for European Geography by Letter - S

Click here to take the quiz!

General Stats

  • This quiz has been taken 63 times
  • The average score is 17 of 20

Answer Stats

HintAnswer% Correct
Country located on the Iberian PeninsulaSpain
100%
Capital of BulgariaSofia
98%
Capital of the above countryStockholm
98%
Largest Nordic countrySweden
98%
Largest island in the Mediterranean SeaSicily
97%
Country which was formerly united with CzechiaSlovakia
97%
Country famous for its neutralitySwitzerland
97%
Country completely surrounded by ItalySan Marino
95%
Second-largest city in RussiaSaint Petersburg
93%
Northernmost constituent country of the United KingdomScotland
93%
Alpine country with a coastline on the Adriatic SeaSlovenia
93%
Region including the same country, as well as Norway and DenmarkScandinavia
92%
Landlocked country in the BalkansSerbia
92%
Capital of Bosnia and HerzegovinaSarajevo
88%
Second-largest island in Italy, after the aboveSardinia
87%
Capital of North MacedoniaSkopje
80%
Norwegian archipelago in the Arctic OceanSvalbard
60%
People group native to the northern part of the above region, as well as northern Finland and northwest RussiaSámi
48%
Historical region in southern Poland and northern CzechiaSilesia
38%
Largest island in EstoniaSaaremaa
22%

Score Distribution

Percentile by Number Answered

Percent of People with Each Score

Your Score History

You have not taken this quiz